| 000 | 00442nam a2200181Ia 4500 | ||
|---|---|---|---|
| 005 | 20250423101041.0 | ||
| 008 | 250422s9999 xx 000 0 und d | ||
| 020 | _a0-87855-487-4 | ||
| 050 | _aLB1623.L56 | ||
| 100 | _aJoan Lipsitz | ||
| 245 | 0 | _aSuccessful schools for young adolescents | |
| 260 | _aNew Brunswick | ||
| 260 | _bTransaction books | ||
| 260 | _c1984 | ||
| 300 | _a223 p | ||
| 650 | _aSecondary Education | ||
| 942 | _cBK | ||
| 999 |
_c35132 _d35132 |
||